Statistics for Popular KSI Songs

Click here to take the quiz!

General Stats

  • This quiz has been taken 254 times
  • The average score is 6 of 11

Answer Stats

HintAnswer% Correct
"You're just a shit ChrisMD, You need to get off MD"Little Boy
94%
"Got rocks on my wrist, That shit you can't resist"Lamborghini
88%
"Popeye wanna pop at the elegant Plus the little boy wanna play again"Two Birds One Stone
67%
"All we really wanna know is can you ____ __?"Keep Up
65%
"Creps are looking Gucci. Sharp is all I want until it suits me"On Point
65%
"Live your whole life to the ending, There's no point pretending Let's be friends"Friends with Benefits
62%
"Started this all on my own With the venomous flow as the C to the E to the O"Beerus
61%
"I ain't tryna tell anybody how to live. My only advice is to love and forgive"Creature
45%
"Piss yourself every time man see me. Soon as I say bonjour fam oui oui"Pull Up
42%
"Now bad boy Are you ready for the bass My DJ, Yo get on the case"Get Hyper
35%
"___________ at the top like a Pharaoh. Verified chicks want a follow for a follow"Kilimanjaro
24%

Score Distribution

Percentile by Number Answered

Percent of People with Each Score

Your Score History

You have not taken this quiz